| 000 | 00806nam a22001937a 4500 | ||
|---|---|---|---|
| 003 | AM-YeHGA | ||
| 040 | _aAM-YeHGA | ||
| 942 |
_2udc _cBK |
||
| 090 | _c449860 | ||
| 005 | 20250617160139.0 | ||
| 008 | 200212b ||||| |||| 00| 0 rus d | ||
| 041 | 0 | _arus | |
| 100 | 1 | _aДьячков-Тарасов, А. Н. | |
| 245 | 1 | 0 |
_aАбадзехи : _b(Историко-этнографический очерк) / _cА.Н. Дьячков-Тарасов |
| 260 |
_aТифлис : _bТип. К.П. Козловского, _c1902 |
||
| 300 | _a50 с. | ||
| 440 | 0 |
_aЗаписки Кавказского отдела Императорского русского географического общества _vКн. 22, вып. 4 |
|
| 653 | 0 | _aНароды Северного Кавказа, 19-20 вв. | |
| 999 |
_c446983 _d446983 |
||